000 00602nam a2200217 4500
001 111576
003 ES-MaACL
005 20240426182329.0
007 t|
008 061121s1974 sp r ||||1| spa d
100 1 _aNeruda, Pablo,
_d1904-1973
_985398
245 1 0 _aPoesía /
_cPablo Neruda.
250 _a1ª ed.
260 _aBarcelona :
_b[s. n.],
_cNoguer (
_f1974)
300 _a2 v. ;
_c20 cm.
490 1 _aClásicos hispánicos noguer
830 0 _aClásicos hispánicos noguer
_9233072
852 _aES-MaACL
_jL-7148-9
_bR.107543
_9115805
942 _2udc
999 _c111576
_d111576